000 00744nam1a22002171i 4500
001 rc\571342
005 20240723235913.0
035 _a(NLR Aleph) 005970650
090 _a6932171
_c6932171
100 _a20031121g19889999u |0rusy50 ca
101 0 _arus
102 _aRU
105 _ay |||||||||
200 1 _aРабота с языком запросов базы данных
_eСправочник
_fВсесоюз. межотрасл. науч.-учеб. центр по вычисл. технике и информатике
210 _aМ.
_cВМНУЦВТИ
_d1988-
215 _d21
300 _aНа обл. авт. не указаны
801 0 _aRU
_bNLR
_gpsbo
801 1 _aRU
_bELAR
_2rusmarc
852 _aNLR
_j89-4/1250
942 _cBOOK